Time, Space, and Things (Record no. 422)

MARC details
000 -LEADER
fixed length control field 00792cam a2200277 a 4500
001 - CONTROL NUMBER
control field 2095066
003 - CONTROL NUMBER IDENTIFIER
control field OSt
005 - DATE AND TIME OF LATEST TRANSACTION
control field 20170217183922.0
008 - FIXED-LENGTH DATA ELEMENTS--GENERAL INFORMATION
fixed length control field 950504s1995 enka 001 0 eng
010 ## - LIBRARY OF CONGRESS CONTROL NUMBER
LC control number 95149189
020 ## - INTERNATIONAL STANDARD BOOK NUMBER
International Standard Book Number 0521484863
040 ## - CATALOGING SOURCE
Original cataloging agency DLC
Transcribing agency DLC
Modifying agency DLC
050 00 - LIBRARY OF CONGRESS CALL NUMBER
Classification number QC24.5
Item number .R5 1995
082 00 - DEWEY DECIMAL CLASSIFICATION NUMBER
Classification number 530
Edition number 20
Item number RID 1994
100 1# - MAIN ENTRY--PERSONAL NAME
Personal name Ridley, B. K.
9 (RLIN) 1113
245 10 - TITLE STATEMENT
Title Time, Space, and Things
250 ## - EDITION STATEMENT
Edition statement 3rd ed.
260 ## - PUBLICATION, DISTRIBUTION, ETC. (IMPRINT)
Name of publisher, distributor, etc. Cambridge University Press,
Date of publication, distribution, etc. 1995.
300 ## - PHYSICAL DESCRIPTION
Extent x, 191 p. :
Other physical details ill. ;
Dimensions 22 cm.
504 ## - BIBLIOGRAPHY, ETC. NOTE
Bibliography, etc Includes index.
650 #0 - SUBJECT ADDED ENTRY--TOPICAL TERM
Topical term or geographic name as entry element Physics
9 (RLIN) 1114
650 #0 - SUBJECT ADDED ENTRY--TOPICAL TERM
Topical term or geographic name as entry element Times
9 (RLIN) 11614
856 42 - ELECTRONIC LOCATION AND ACCESS
Materials specified Publisher description
Uniform Resource Identifier http://www.loc.gov/catdir/description/cam027/95149189.html
906 ## - LOCAL DATA ELEMENT F, LDF (RLIN)
a 7
b cbc
c orignew
d 3
e ncip
f 19
g y-gencatlg
942 ## - ADDED ENTRY ELEMENTS (KOHA)
Source of classification or shelving scheme Dewey Decimal Classification
Koha item type Short Loan
Holdings
Withdrawn status Lost status Source of classification or shelving scheme Damaged status Not for loan Home library Current library Date acquired Source of acquisition Inventory number Total Checkouts Full call number Barcode Date last seen Price effective from Koha item type
    Dewey Decimal Classification     MUST Main Library MUST Main Library 17/09/2014   2002/17765   530 RID 1994 2014-2784 17/09/2014 17/09/2014 Short Loan
    Dewey Decimal Classification     MUST Main Library MUST Main Library 21/01/2020 Purchase 2006/25264   530 RID 1994 2020-0059 21/01/2020 21/01/2020 Open Shelf
    Other/Generic Classification Scheme     MUST Main Library MUST Main Library 24/06/2024 Purchase     530 RID 1994 2024-21040 24/06/2024 24/06/2024 Open Shelf